000 00759nam a22002177a 4500
999 _c9624
_d9624
003 AR-CdUCM
008 190328b ||||| |||| 00| 0 spa d
040 _aMUNICIPALIDAD PROVINCIAL DEL CUSCO
_cBIBLIOTECA MUNICIPAL DEL CUSCO
082 _a828.87 /
_bG44 / 1934
100 _aGide, Andre
_923876
245 _aOscar Wilde :
_bCon un estudio sobre Gide por Leon Pacheco /
260 _aSantiago de Chile :
_bCultura,
_c1934.
300 _a138 páginas ;
_c18 cm.
440 _aHombre e ideas.
_925949
505 _aContenido: Andre Gide , o el demonio de la inquietud -- Oscar wilde, in memoriam, -- El "De profundis" ...
650 _aLiteratura inglesa
_91015
650 _aNovela
_95
650 _aSiglo XIX.
_9971
942 _2ddc
_cLIBROS
945 _aacv